STATISTICAL METHODS IN ELECTRICAL ENGINEERING (Record no. 583651)

000 -LEADER
fixed length control field 00259nam a22001097a 4500
082 ## - DEWEY DECIMAL CLASSIFICATION NUMBER
Classification number 519.4 BEL
100 ## - MAIN ENTRY--PERSONAL NAME
Personal name BELL D.A
9 (RLIN) 78541
245 ## - TITLE STATEMENT
Title STATISTICAL METHODS IN ELECTRICAL ENGINEERING
260 ## - PUBLICATION, DISTRIBUTION, ETC.
Place of publication, distribution, etc. PDF
Name of publisher, distributor, etc. CHAPMAN & HALL
Date of publication, distribution, etc. 1953
300 ## - PHYSICAL DESCRIPTION
Extent 173P
942 ## - ADDED ENTRY ELEMENTS (KOHA)
Koha item type Book
Holdings
Withdrawn status Lost status Damaged status Not for loan Permanent Location Current Location Shelving location Date acquired Total Checkouts Full call number Barcode Date last seen Price effective from Koha item type
        College of Electrical & Mechanical Engineering (CEME) College of Electrical & Mechanical Engineering (CEME) General Stacks 06/16/2017   519.4 BEL CEME-8058 06/28/2021 06/28/2021 Book
© 2023 Central Library, National University of Sciences and Technology. All Rights Reserved.